000 01259nam a2200325Ia 4500
001 ebr10062381
003 CaPaEBR
006 m u
007 cr cn|||||||||
008 020404s2001 sz sb i000 0 eng d
010 _z 2002422191
020 _z924154547X
040 _aCaPaEBR
_cCaPaEBR
035 _a(OCoLC)70772826
050 1 4 _aRA401.A1
_bH69 2001eb
082 0 4 _a362.1/782
_221
245 0 0 _aHow to develop and implement a national drug policy
_h[electronic resource].
246 1 _aGuidelines for developing national drug policies
250 _a2nd ed.
260 _aGeneva :
_bWorld Health Organization,
_cc2001.
300 _aviii, 83 p.
500 _aUpdates and replaces Guidelines for developing national drug policies, 1988.
504 _aIncludes bibliographical references.
533 _aElectronic reproduction.
_bPalo Alto, Calif. :
_cebrary,
_d2009.
_nAvailable via World Wide Web.
_nAccess may be limited to ebrary affiliated libraries.
650 0 _aPharmaceutical policy.
650 0 _aDrug utilization.
655 7 _aElectronic books.
_2local
710 2 _aebrary, Inc.
856 4 0 _uhttp://site.ebrary.com/lib/rucke/Doc?id=10062381
_zAn electronic book accessible through the World Wide Web; click to view
999 _c46834
_d46834